Irish Words You Probably Know Quiz Stats

 Plays Quiz Updated Jun 23, 2018

Challenge
Share
Tweet
Embed
Score 0/20 Timer 05:00
4 Plays Today
% Correct
Whiskey
94.9%
Leprechaun
94.1%
Shamrock
93.8%
Limerick
92.9%
Hooligan
90.9%
Slogan
90.8%
Smithereens
90.4%
Banshee
89.1%
Slob
88.3%
Bog
87.8%
% Correct
Phony
85.3%
Colleen
82.6%
Galore
79.1%
Gob
74.2%
Brogue
70.1%
Lough
69.5%
Kibosh
62.6%
Shillelagh
53.4%
Dulse
45%
Clabber
41.2%

You're not logged in!

Compare scores with friends on all Sporcle quizzes.
Join for Free
OR
Log In

You Might Also Like...

Show Comments

Extras

Top Quizzes Today


Score Distribution

Your Account Isn't Verified!

In order to create a playlist on Sporcle, you need to verify the email address you used during registration. Go to your Sporcle Settings to finish the process.

Report this User

Report this user for behavior that violates our Community Guidelines.

Details: